| 000 | 01515nam a2200241Ia 4500 | ||
|---|---|---|---|
| 003 | Ost | ||
| 005 | 20260507074948.0 | ||
| 008 | 260507s9999||||xx |||||||||||||| ||und|| | ||
| 020 | _a9957322788 | ||
| 040 | _cfsecg | ||
| 041 | _aara | ||
| 082 | _a658 | ||
| 100 |
_aسلام، أسامة عزمي _eمؤلف |
||
| 245 | 0 |
_aإدارة الخطر والتأمين / _c أسامة عزمي سلام |
|
| 260 |
_aعمان: _bدار الحامد للنشر والتوزيع, _c2007 |
||
| 300 |
_a475 صفحة؛ _bإيضاحات ؛ _c25 سم |
||
| 504 | _aببليوغرافيا:ص.421-423؛ الملاحق:ص.427-475 | ||
| 520 | _aالخطر،إدارة الخطر،إدارة مخاطر المصارف من منظور تأميني،التأمين،تحديدقسط التأمين،المبادئ القانونية لعقد التأمين،وظائف شركات التأمين،إعادة التأمين،تسويق الخدمات التأمينية، تأمين إصابات العمل،التأمين ضد أخطار النقل،التأمين ضد أخطار الحريق،التأمين على الحياة،التأمين ضد أخطار المسؤولية المدنية،المخصصات الفنية في التأمينات العامة وتأمينات الحياة،التأمين والإسلام،التأمين في الأردن | ||
| 653 | _aالأردن | ||
| 653 | _aالتأمين-إدارة وتنظيم | ||
| 700 |
_aشقيري، نوري موسى _eمؤلف ثانوي |
||
| 942 | _cكتاب | ||
| 999 |
_c41971 _d41971 |
||